00596 2200229 4500001002100000005001700021008004100038020001800079035002400097090001500121100002100136245004300157250001000200260003100210300003100241500002700272650001900299850001500318980001200333985000600345999001500351YOGYA-0209000006279720090227040106.0 ind  a979-413-296-9 0010-020900000062797 a636bRas P aRASYAF, Muhammad aPengelolaan penetasancMuhammad Rasyaf aEd. 2 aYogyakartabKanisiusc1990 a132 hlmbilus.,lampc21 cm aBibliografi : hlm. 109 aMesin pengeram aYOPDYOG(B) a3-06-06 a1 a98P0104658